[Event "Verbandsliga MV 2014-15"]
[Site "Mecklenburg-Vorpommern"]
[Date "2015.04.12"]
[Round "8.1"]
[White "Schinke, Andreas"]
[Black "Springer, Guido"]
[Result "1-0"]
[WhiteElo "2042"]
[BlackElo "1768"]
[PlyCount "125"]
[EventType "team-tourn"]
[EventRounds "9"]
[WhiteTeam "SV Blau-Weiss Grevesmuehlen"]
[BlackTeam "SV Gryps"]

1. Nf3 Nf6 2. c4 g6 3. Nc3 Bg7 4. e4 O-O 5. e5 Ne8 6. d4 d6 7. Bf4 Nc6 8. h3
dxe5 9. dxe5 Be6 10. Be2 f6 11. exf6 exf6 12. O-O Qe7 13. Nd5 Qf7 14. Qb3 b6
15. Rad1 Rd8 16. Rd2 Nd6 17. Qa4 Ne5 18. Bxe5 fxe5 19. Ng5 Qd7 20. Qxd7 Bxd7
21. b3 Nf5 22. Nxc7 Nd4 23. Bf3 Bxh3 24. Bd5+ Rxd5 25. Nxd5 Bf5 26. Ne7+ Kh8
27. Nxf5 Rxf5 28. Ne4 Bh6 29. Rb2 Bf8 30. b4 Bxb4 31. Ng3 Bc3 32. Nxf5 Bxb2 33.
Nxd4 Bxd4 34. Kh2 Kg7 35. f3 Kf6 36. Kg3 h6 37. Rh1 Be3 38. Re1 Bd4 39. Re4 g5
40. Kg4 Kg6 41. Kh3 h5 42. g3 Kf6 43. Kg2 Ke6 44. Re2 Kd6 45. Kf1 h4 46. gxh4
gxh4 47. Rh2 Kc5 48. Rxh4 Kxc4 49. Ke2 a5 50. Kd2 b5 51. Rh8 a4 52. Kc2 a3 53.
Rc8+ Bc5 54. Rd8 Bd4 55. Rc8+ Bc5 56. Rc7 Kb4 57. Kd3 Bd4 58. f4 Bb6 59. Rc6
Bd4 60. f5 Ka4 61. f6 b4 62. f7 Kb5 63. Rc2 1-0

[Event "Verbandsliga MV 2014-15"]
[Site "Mecklenburg-Vorpommern"]
[Date "2015.04.12"]
[Round "8.2"]
[White "Voelsgen, Georg"]
[Black "Boehme, Andy"]
[Result "1-0"]
[WhiteElo "1978"]
[BlackElo "2018"]
[PlyCount "147"]
[EventType "team-tourn"]
[EventRounds "9"]
[WhiteTeam "SV Gryps"]
[BlackTeam "SV Blau-Weiss Grevesmuehlen"]

1. e4 d5 2. exd5 Qxd5 3. Nc3 Qd8 4. Bc4 Nf6 5. Nge2 c6 6. d4 Bf5 7. O-O e6 8.
Ng3 Bg6 9. f4 b5 10. Bb3 Be7 11. f5 exf5 12. Nxf5 O-O 13. Bg5 b4 14. Nxe7+ Qxe7
15. Ne2 Nbd7 16. Nf4 Qd6 17. Nxg6 hxg6 18. Bf4 Qe7 19. Re1 Ne4 20. Qf3 Rfe8 21.
Bd6 Qf6 22. Qxf6 gxf6 23. Bxb4 a5 24. Ba4 Ra6 25. Bxa5 Rxa5 26. Bxc6 f5 27.
Bxd7 Rd8 28. Bc6 Rxd4 29. Bxe4 fxe4 30. Kf2 f5 31. Ke3 Rc4 32. c3 g5 33. g3 Kf7
34. Red1 Ke6 35. Rd8 Rb5 36. Rd2 Ke5 37. Rf1 Rb8 38. Rdf2 Rf8 39. h4 gxh4 40.
g4 Rd8 41. Rxf5+ Ke6 42. Rf6+ Ke7 43. Rf7+ Ke6 44. R1f6+ Ke5 45. Rh6 Rd3+ 46.
Ke2 Rf3 47. Rxf3 exf3+ 48. Kxf3 Rf4+ 49. Kg2 Rxg4+ 50. Kh3 Re4 51. Rh5+ Kd6 52.
Rxh4 Re3+ 53. Kg4 Re2 54. Rh6+ Kc7 55. b4 Rxa2 56. Kf4 Rc2 57. Rh3 Kc6 58. Ke4
Kb5 59. Kd3 Rg2 60. Rh5+ Ka4 61. Rc5 Rg4 62. b5 Rh4 63. c4 Kb4 64. Rc6 Ka5 65.
b6 Rh1 66. Kd4 Rh4+ 67. Kd5 Rh5+ 68. Kd6 Ka6 69. c5 Rh6+ 70. Kc7 Rh7+ 71. Kb8
Rh8+ 72. Rc8 Rh7 73. Ka8 Rg7 74. b7 1-0

[Event "Verbandsliga MV 2014-15"]
[Site "Mecklenburg-Vorpommern"]
[Date "2015.04.12"]
[Round "8.3"]
[White "Naujok, Joerg"]
[Black "Windjaeger, Gerd"]
[Result "1-0"]
[WhiteElo "1958"]
[BlackElo "1945"]
[PlyCount "181"]
[EventType "team-tourn"]
[EventRounds "9"]
[WhiteTeam "SV Blau-Weiss Grevesmuehlen"]
[BlackTeam "SV Gryps"]

1. Nf3 d5 2. g3 Nf6 3. Bg2 Nc6 4. d3 e5 5. O-O Bc5 6. Nbd2 e4 7. dxe4 dxe4 8.
Ng5 e3 9. Nde4 exf2+ 10. Kh1 Qxd1 11. Rxd1 Nxe4 12. Nxe4 Bb6 13. c3 Be6 14. b3
O-O 15. Rf1 a5 16. Nxf2 a4 17. b4 Bc4 18. Nd3 Rfe8 19. Bf3 a3 20. Bf4 Rad8 21.
Rfd1 f6 22. h4 Re7 23. Kg2 Red7 24. Bg4 Re7 25. h5 Na7 26. Rd2 Be3 27. Bxe3
Rxe3 28. Kf2 Rde8 29. Rc1 Nb5 30. Bd7 R8e7 31. Bxb5 Bxb5 32. c4 Be8 33. Nf4 c6
34. Rd3 R3e5 35. Rxa3 Bxh5 36. e3 Bg4 37. Re1 Re4 38. Rc3 Rd7 39. Nd3 b6 40. a4
Ra7 41. Ra1 Rae7 42. Nf4 g5 43. Ne2 c5 44. bxc5 bxc5 45. a5 Bxe2 46. Kxe2 f5
47. a6 Ra7 48. Rb3 Re6 49. Rb5 Rc6 50. Raa5 Raxa6 51. Rxa6 Rxa6 52. Rxc5 Rf6
53. g4 fxg4 54. Rxg5+ Kf7 55. Rxg4 Ke6 56. Rh4 h6 57. Rh5 Kf7 58. Kd3 Kg6 59.
Rh1 h5 60. c5 Rf5 61. Kd4 Kf6 62. e4 Rg5 63. Rf1+ Ke6 64. Ra1 h4 65. Ra6+ Kd7
66. Rh6 Rg1 67. Rxh4 Rc1 68. Rh7+ Ke6 69. Rh6+ Kd7 70. Rd6+ Kc7 71. Kd5 Rd1+
72. Ke6 Rc1 73. Rd5 Kc6 74. Kf7 Re1 75. Re5 Re2 76. Kf6 Rf2+ 77. Rf5 Re2 78.
Re5 Rf2+ 79. Kg5 Rf1 80. Rf5 Re1 81. e5 Kxc5 82. Kf6 Kd5 83. Rf2 Rh1 84. Rd2+
Ke4 85. e6 Rh6+ 86. Kf7 Kf5 87. Rf2+ Ke5 88. e7 Rh7+ 89. Kf8 Rh8+ 90. Kg7 Ra8
91. e8=Q+ 1-0

[Event "Verbandsliga MV 2014-15"]
[Site "Mecklenburg-Vorpommern"]
[Date "2015.04.12"]
[Round "8.4"]
[White "Mauser, Tassilo Tino"]
[Black "Wecke, Thoralf"]
[Result "1/2-1/2"]
[WhiteElo "1682"]
[BlackElo "1909"]
[PlyCount "42"]
[EventType "team-tourn"]
[EventRounds "9"]
[WhiteTeam "SV Gryps"]
[BlackTeam "SV Blau-Weiss Grevesmuehlen"]

1. e4 Nf6 2. e5 Nd5 3. d4 d6 4. Nf3 Bg4 5. Be2 c6 6. O-O Bxf3 7. Bxf3 dxe5 8.
dxe5 e6 9. Qe2 Nd7 10. c4 Ne7 11. Bf4 Ng6 12. Bg3 Qa5 13. Re1 Be7 14. Nc3 O-O
15. Rad1 Rfd8 16. a3 Bh4 17. Bxh4 Nxh4 18. Be4 Ng6 19. Bxg6 hxg6 20. h4 Nf8 21.
g3 Rxd1 1/2-1/2

[Event "Verbandsliga MV 2014-15"]
[Site "Mecklenburg-Vorpommern"]
[Date "2015.04.12"]
[Round "8.5"]
[White "Stiegler, Maik"]
[Black "Hollatz, Michael"]
[Result "1/2-1/2"]
[WhiteElo "1857"]
[BlackElo "1776"]
[PlyCount "75"]
[EventType "team-tourn"]
[EventRounds "9"]
[WhiteTeam "SV Blau-Weiss Grevesmuehlen"]
[BlackTeam "SV Gryps"]

1. d4 d5 2. c4 c6 3. Nc3 Nf6 4. Nf3 g6 5. Bg5 Bg7 6. e3 O-O 7. Bd3 Be6 8. b3
Bg4 9. O-O Nbd7 10. h3 Bxf3 11. Qxf3 Qa5 12. Bxf6 Bxf6 13. Rac1 dxc4 14. bxc4
Rab8 15. Rc2 Nc5 16. Be4 Bg7 17. Ne2 Na6 18. Qg3 f5 19. Bf3 e5 20. dxe5 Bxe5
21. Nf4 Nb4 22. Rd2 Rf7 23. Rfd1 Nxa2 24. Rd7 Rbf8 25. h4 Nc3 26. R1d3 Ne4 27.
Bxe4 fxe4 28. Rd1 Rxd7 29. Rxd7 Qa1+ 30. Kh2 Qc3 31. Qg5 Bxf4+ 32. exf4 Qf6 33.
Qxf6 Rxf6 34. Rxb7 Rxf4 35. Kg3 Rf7 36. Rb8+ Rf8 37. Rb7 Ra8 38. Kf4 1/2-1/2

[Event "Verbandsliga MV 2014-15"]
[Site "Mecklenburg-Vorpommern"]
[Date "2015.04.12"]
[Round "8.6"]
[White "Sadewasser, Lucie"]
[Black "Haase, Sebastian"]
[Result "0-1"]
[WhiteElo "1682"]
[BlackElo "1745"]
[PlyCount "58"]
[EventType "team-tourn"]
[EventRounds "9"]
[WhiteTeam "SV Gryps"]
[BlackTeam "SV Blau-Weiss Grevesmuehlen"]

1. e4 c5 2. Nc3 e6 3. f4 a6 4. Nf3 Nc6 5. d3 b5 6. g3 Bb7 7. Bg2 Nge7 8. Be3 d6
9. Bf2 Qc7 10. a3 g6 11. Qe2 Bg7 12. O-O O-O 13. Rab1 Nd4 14. Nxd4 cxd4 15. Nd1
Rac8 16. Rc1 e5 17. fxe5 dxe5 18. Bh3 Rcd8 19. Qd2 f5 20. exf5 Qc6 21. Bxd4
Qh1+ 22. Kf2 Qxh2+ 23. Ke1 Qxh3 24. Nf2 Qxg3 25. Bc5 Rf7 26. Bxe7 Rxe7 27. fxg6
hxg6 28. b4 e4 29. Qe2 e3 0-1

[Event "Verbandsliga MV 2014-15"]
[Site "Mecklenburg-Vorpommern"]
[Date "2015.04.12"]
[Round "8.7"]
[White "Wulff, Jens Peter"]
[Black "Rogasch, Miriam"]
[Result "0-1"]
[WhiteElo "1638"]
[BlackElo "1747"]
[PlyCount "96"]
[EventType "team-tourn"]
[EventRounds "9"]
[WhiteTeam "SV Blau-Weiss Grevesmuehlen"]
[BlackTeam "SV Gryps"]

1. d4 Nf6 2. Nf3 g6 3. Bf4 d6 4. Nbd2 Bg7 5. e3 Nbd7 6. Bd3 O-O 7. c3 Re8 8.
Qc2 Nd5 9. Bg3 e5 10. Bc4 N7b6 11. Bh4 Qd7 12. dxe5 dxe5 13. e4 Nf4 14. O-O-O
Qc6 15. Qb3 Be6 16. Bxe6 Rxe6 17. Ng5 Nd3+ 18. Kb1 Nc5 19. Qc2 Rd6 20. Nb3 Nc4
21. Nxc5 Qxc5 22. Rxd6 Nxd6 23. Rd1 Re8 24. Qb3 h6 25. Rxd6 hxg5 26. Rd5 Qe7
27. Bg3 c6 28. Rd2 Kh7 29. Qd1 f5 30. exf5 gxf5 31. Rd7 Qe6 32. Rd6 Qf7 33. f3
e4 34. fxe4 fxe4 35. Rd7 Re7 36. Rxe7 Qxe7 37. Qe2 Qe6 38. Bf2 a6 39. Be3 Kg6
40. h3 Be5 41. g4 b5 42. Qd2 Qd5 43. Bxg5 Bxc3 44. Qxd5 cxd5 45. Be3 Be5 46. h4
d4 47. h5+ Kf6 48. Bf2 Kg5 0-1

[Event "Verbandsliga MV 2014-15"]
[Site "Mecklenburg-Vorpommern"]
[Date "2015.04.12"]
[Round "8.8"]
[White "Matzek Lichtenstein, Franz David"]
[Black "Streit, Bodo"]
[Result "0-1"]
[WhiteElo "1650"]
[BlackElo "1758"]
[PlyCount "78"]
[EventType "team-tourn"]
[EventRounds "9"]
[WhiteTeam "SV Gryps"]
[BlackTeam "SV Blau-Weiss Grevesmuehlen"]

1. c4 e5 2. Nc3 Nc6 3. Nf3 Nf6 4. g3 Bc5 5. Bg2 d6 6. a3 Be6 7. d3 h6 8. e4 Bd4
9. O-O Qd7 10. Nd5 Bg4 11. Rb1 a5 12. Qa4 Bxf3 13. Nxf6+ gxf6 14. Bxf3 Ne7 15.
Qxd7+ Kxd7 16. Bg4+ Ke8 17. Be3 Nc6 18. b4 axb4 19. axb4 Bc3 20. b5 Nd4 21. Kg2
h5 22. Bf3 h4 23. Bg4 Ra2 24. Rfc1 Nc2 25. Rxc2 Rxc2 26. b6 Kd8 27. Rb3 Rg8 28.
Bf5 hxg3 29. hxg3 Rg5 30. Bxg5 fxg5 31. Ra3 cxb6 32. Ra8+ Ke7 33. Rb8 Bd4 34.
Rxb7+ Kf6 35. Rd7 Bc5 36. Bh3 Rxf2+ 37. Kh1 Rf3 38. Kh2 Rxd3 39. Rd8 Rd4 0-1

[Event "Verbandsliga MV 2014-15"]
[Site "Mecklenburg-Vorpommern"]
[Date "2015.04.12"]
[Round "8.1"]
[White "Skibbe, Willi"]
[Black "Weyrich, Morten"]
[Result "0-1"]
[WhiteElo "2220"]
[BlackElo "2190"]
[PlyCount "84"]
[EventType "team-tourn"]
[EventRounds "9"]
[WhiteTeam "SSC Rostock 07  II"]
[BlackTeam "SF Schwerin  III"]

1. d4 d5 2. c4 e6 3. Nc3 Nf6 4. cxd5 exd5 5. Bg5 Be7 6. e3 c6 7. Bd3 Bg4 8.
Nge2 Nbd7 9. Qc2 Nf8 10. f3 Bh5 11. O-O-O Ne6 12. Bxf6 Bxf6 13. g4 Bg6 14. Ng3
Qa5 15. f4 Bxd3 16. Qxd3 O-O-O 17. Nh5 Be7 18. f5 Ng5 19. h4 Ne4 20. Nxe4 dxe4
21. Qxe4 Bd6 22. Kb1 Rhe8 23. Qd3 Bf8 24. Rhe1 Rd7 25. e4 Red8 26. Qc4 Rxd4 27.
Qc2 Qe5 28. Rxd4 Rxd4 29. g5 Bb4 30. Re2 Qd6 31. a3 Bxa3 32. Qb3 Rb4 33. e5 Qd4
34. Qxa3 Qd1+ 35. Ka2 Ra4 36. Ng3 Rxa3+ 37. bxa3 Qd5+ 38. Kb2 Qd3 39. e6 fxe6
40. fxe6 Kd8 41. Rg2 Ke7 42. Nh5 Qd4+ 0-1

[Event "Verbandsliga MV 2014-15"]
[Site "Mecklenburg-Vorpommern"]
[Date "2015.04.12"]
[Round "8.2"]
[White "Westphal, Wolfgang"]
[Black "Weber, Max"]
[Result "0-1"]
[WhiteElo "2084"]
[BlackElo "2167"]
[PlyCount "104"]
[EventType "team-tourn"]
[EventRounds "9"]
[WhiteTeam "SF Schwerin  III"]
[BlackTeam "SSC Rostock 07  II"]

1. e4 c5 2. Nf3 e6 3. d4 cxd4 4. Nxd4 a6 5. Nd2 Qc7 6. Bd3 Nf6 7. O-O Nc6 8.
Nxc6 bxc6 9. Qe2 d5 10. Rd1 Bd6 11. Nf1 dxe4 12. Bxe4 Nxe4 13. Qxe4 O-O 14. Bd2
Be5 15. Bb4 Re8 16. Bc5 Rb8 17. b4 Bxa1 18. Rxa1 Rd8 19. Ne3 a5 20. a3 Ba6 21.
h4 Rd2 22. h5 h6 23. bxa5 Rb5 24. Bb4 Rxh5 25. g3 Rd8 26. Qf3 Rg5 27. Rb1 h5
28. Ng2 Rf5 29. Qe3 c5 30. Bc3 Bb7 31. a6 Ba8 32. Nh4 Rfd5 33. Qe1 Qc6 34. f3
Qxa6 35. Ba5 Rc8 36. Rb6 Qc4 37. Ng2 Qd4+ 38. Kh2 Qe5 39. Qf2 c4 40. Bd2 c3 41.
Bf4 Qd4 42. Be3 Qd1 43. Rb4 Rcd8 44. Rc4 Rd2 45. Bxd2 Rxd2 46. Rc8+ Kh7 47. Qg1
Qxf3 48. Rxa8 Qxa8 49. Kh3 Qf3 50. a4 Rd1 51. Ne1 Qg4+ 52. Kh2 Qe2+ 0-1

[Event "Verbandsliga MV 2014-15"]
[Site "Mecklenburg-Vorpommern"]
[Date "2015.04.12"]
[Round "8.3"]
[White "Engel, Gunnar"]
[Black "Hanisch, Sebastian"]
[Result "0-1"]
[WhiteElo "2016"]
[BlackElo "2017"]
[PlyCount "70"]
[EventType "team-tourn"]
[EventRounds "9"]
[WhiteTeam "SSC Rostock 07  II"]
[BlackTeam "SF Schwerin  III"]

1. c4 e6 2. g3 Nf6 3. Bg2 d5 4. Nf3 Be7 5. O-O O-O 6. d3 Nbd7 7. Nc3 b6 8. cxd5
Nxd5 9. Bd2 Bb7 10. Rc1 Bf6 11. a3 c5 12. Qa4 a6 13. b4 b5 14. Qb3 Rc8 15. Ne4
Be7 16. bxc5 Nxc5 17. Nxc5 Bxc5 18. d4 Bd6 19. Rxc8 Qxc8 20. Rc1 Qd7 21. Ng5
Rc8 22. Rxc8+ Qxc8 23. Qf3 Qc7 24. Qd3 Nf6 25. e4 e5 26. dxe5 Bxe5 27. f4 Qd6
28. Qb3 Bd4+ 29. Kh1 Qd7 30. h4 h6 31. Qd3 hxg5 32. hxg5 Ng4 33. Be1 Bc6 34.
Bf3 Nf2+ 35. Bxf2 Bxf2 0-1

[Event "Verbandsliga MV 2014-15"]
[Site "Mecklenburg-Vorpommern"]
[Date "2015.04.12"]
[Round "8.4"]
[White "Hueneburg, Christian"]
[Black "Pererva, Viktor"]
[Result "0-1"]
[WhiteElo "2087"]
[BlackElo "2013"]
[PlyCount "84"]
[EventType "team-tourn"]
[EventRounds "9"]
[WhiteTeam "SF Schwerin  III"]
[BlackTeam "SSC Rostock 07  II"]

1. e4 e5 2. Nf3 Nc6 3. Bb5 a6 4. Bxc6 dxc6 5. O-O f6 6. d3 Be6 7. Be3 Bd6 8.
Nbd2 Ne7 9. c3 O-O 10. b4 Ng6 11. d4 exd4 12. Nxd4 Bf7 13. f4 c5 14. bxc5 Bxc5
15. Kh1 Re8 16. Qc2 Bb6 17. Rab1 Nf8 18. Rfd1 Bg6 19. Qb3+ Kh8 20. f5 Bh5 21.
Rg1 Qe7 22. Qc2 Nd7 23. Rbe1 Nc5 24. Bf4 Nd7 25. g4 Bf7 26. g5 Ne5 27. Rg3 Rad8
28. Reg1 g6 29. gxf6 Qc5 30. N2b3 Qc4 31. Qg2 c5 32. Bxe5 Rxe5 33. Nf3 Qxe4 34.
fxg6 Bxg6 35. Nxe5 Qxe5 36. Rxg6 hxg6 37. Qxg6 Qd5+ 38. Qg2 Qxg2+ 39. Rxg2 Rd1+
40. Rg1 Rxg1+ 41. Kxg1 c4+ 42. Nd4 Bxd4+ 0-1

[Event "Verbandsliga MV 2014-15"]
[Site "Mecklenburg-Vorpommern"]
[Date "2015.04.12"]
[Round "8.5"]
[White "Brack, Peter"]
[Black "Hasselmann, Dieter"]
[Result "0-1"]
[WhiteElo "1982"]
[BlackElo "2057"]
[PlyCount "38"]
[EventType "team-tourn"]
[EventRounds "9"]
[WhiteTeam "SSC Rostock 07  II"]
[BlackTeam "SF Schwerin  III"]

1. d4 d5 2. Nf3 e6 3. c4 Nf6 4. e3 Be7 5. Nc3 a6 6. b3 O-O 7. Bb2 c5 8. cxd5
cxd4 9. Qxd4 exd5 10. Ne5 Nc6 11. Nxc6 bxc6 12. Na4 c5 13. Nxc5 Bf5 14. b4 Qb6
15. Be2 Rfc8 16. Rc1 a5 17. a3 axb4 18. axb4 Ra2 19. g4 Bg6 0-1

[Event "Verbandsliga MV 2014-15"]
[Site "Mecklenburg-Vorpommern"]
[Date "2015.04.12"]
[Round "8.6"]
[White "Roehl, Rainer"]
[Black "Mangold, Thomas"]
[Result "1-0"]
[WhiteElo "2007"]
[BlackElo "1922"]
[PlyCount "87"]
[EventType "team-tourn"]
[EventRounds "9"]
[WhiteTeam "SF Schwerin  III"]
[BlackTeam "SSC Rostock 07  II"]

1. d4 d5 2. Nf3 c6 3. e3 Nf6 4. Bd3 Bg4 5. c4 e6 6. Qb3 Qb6 7. Ne5 Bf5 8. Bxf5
exf5 9. Nc3 Qxb3 10. axb3 Nbd7 11. Nd3 a6 12. Bd2 Nb6 13. c5 Nbd7 14. f3 g6 15.
Nd1 Bh6 16. Ba5 Rc8 17. Ra4 O-O 18. Rb4 Rfe8 19. Kf2 f4 20. Nxf4 Bxf4 21. exf4
Nf8 22. Rxb7 Ne6 23. g3 Rb8 24. Rxb8 Rxb8 25. Bc3 Rxb3 26. Ne3 Nd7 27. Nc2 Nc7
28. Ke3 Rb8 29. Kd3 Re8 30. Ra1 f5 31. Ba5 Ne6 32. Nb4 g5 33. Nxc6 gxf4 34. Bd2
fxg3 35. hxg3 Kf7 36. b4 Rc8 37. Rxa6 Rc7 38. Ra7 Rxc6 39. Rxd7+ Kg6 40. b5
Rxc5 41. Rd6 Rxb5 42. Rxe6+ Kf7 43. Rh6 Kg7 44. Rc6 1-0

[Event "Verbandsliga MV 2014-15"]
[Site "Mecklenburg-Vorpommern"]
[Date "2015.04.12"]
[Round "8.7"]
[White "Celmer, Ole"]
[Black "Kross, Gunnar"]
[Result "1/2-1/2"]
[WhiteElo "1912"]
[BlackElo "1965"]
[PlyCount "99"]
[EventType "team-tourn"]
[EventRounds "9"]
[WhiteTeam "SSC Rostock 07  II"]
[BlackTeam "SF Schwerin  III"]

1. e4 c6 2. d4 d5 3. exd5 cxd5 4. Bd3 Nc6 5. c3 Nf6 6. Nf3 Bg4 7. Bf4 e6 8.
Nbd2 Bd6 9. Bg3 O-O 10. Qc2 Rc8 11. O-O Nb4 12. Qb1 Nxd3 13. Qxd3 Bf5 14. Qb5
a6 15. Qe2 Bg4 16. Bxd6 Qxd6 17. Qe5 Qb6 18. Nb3 Ne4 19. Kh1 a5 20. h3 Bxf3 21.
gxf3 Nd6 22. Rg1 Nf5 23. Rg2 f6 24. Qe2 Rfe8 25. Rag1 Rc7 26. Nc1 a4 27. a3 Qd6
28. Nd3 g6 29. Rg4 Qa6 30. Qd2 e5 31. dxe5 fxe5 32. Nb4 Qe6 33. Qxd5 Rd7 34.
Qxe6+ Rxe6 35. Nc2 Rd2 36. Ne3 Nxe3 37. fxe3 Rxb2 38. Rxa4 Rd6 39. Rg2 Rb3 40.
Re4 Rd5 41. c4 Ra5 42. Rd2 Raxa3 43. Rxe5 Rxe3 44. Rd8+ Kg7 45. Rd7+ Kh6 46.
Rxe3 Rxe3 47. Kg2 Rc3 48. Rxb7 Rxc4 49. Kg3 Rc1 50. f4 1/2-1/2

[Event "Verbandsliga MV 2014-15"]
[Site "Mecklenburg-Vorpommern"]
[Date "2015.04.12"]
[Round "8.8"]
[White "Helms, Sven"]
[Black "Schumann, Rabea"]
[Result "1-0"]
[WhiteElo "1928"]
[BlackElo "1809"]
[PlyCount "113"]
[EventType "team-tourn"]
[EventRounds "9"]
[WhiteTeam "SF Schwerin  III"]
[BlackTeam "SSC Rostock 07  II"]

1. d4 d5 2. c4 e6 3. Nc3 Be7 4. Nf3 Nf6 5. Bg5 Nbd7 6. e3 h6 7. Bxf6 Nxf6 8.
Bd3 dxc4 9. Bxc4 O-O 10. O-O b6 11. Rc1 Bb7 12. Qe2 c5 13. Rfd1 Qb8 14. d5 exd5
15. Nxd5 Nxd5 16. Bxd5 Bxd5 17. Rxd5 Qb7 18. Rcd1 Rfd8 19. e4 Bf6 20. b3 Rxd5
21. Rxd5 Rd8 22. Rxd8+ Bxd8 23. Qd3 Bf6 24. e5 Be7 25. Nd2 Qc7 26. Nc4 Qd8 27.
Nd6 Bxd6 28. exd6 f6 29. d7 Kf7 30. Qd6 g6 31. h4 g5 32. hxg5 hxg5 33. g4 Kg7
34. Kg2 Kg8 35. Kg3 Kg7 36. f4 Kg8 37. Kf3 Kf7 38. Kf2 a6 39. a4 b5 40. axb5
axb5 41. Qd5+ Ke7 42. fxg5 fxg5 43. Qxc5+ Kxd7 44. Qxb5+ Kc8 45. Qc5+ Kb7 46.
Ke3 Qe8+ 47. Kd4 Qh8+ 48. Qe5 Qh4 49. Qe4+ Kc7 50. Kd5 Qh3 51. b4 Kd8 52. Qd4
Qf3+ 53. Ke6+ Kc7 54. Qd6+ Kc8 55. Qd7+ Kb8 56. Qe8+ Kc7 57. Qf7+ 1-0

[Event "Verbandsliga MV 2014-15"]
[Site "Mecklenburg-Vorpommern"]
[Date "2015.04.12"]
[Round "8.1"]
[White "Dettmann, Gerd"]
[Black "Moeller, Peter"]
[Result "1/2-1/2"]
[WhiteElo "2139"]
[BlackElo "2001"]
[PlyCount "73"]
[EventType "team-tourn"]
[EventRounds "9"]
[WhiteTeam "SG Güstrow/Teterow"]
[BlackTeam "HSG Uni Rostock"]

1. e4 c6 2. d4 d5 3. exd5 cxd5 4. Nf3 Nc6 5. Ne5 Nf6 6. c3 e6 7. Bd3 Bd6 8. Qe2
Qc7 9. Nxc6 bxc6 10. Bg5 Be7 11. Nd2 a5 12. O-O Ne4 13. Be3 Nxd2 14. Bxd2 Qa7
15. Qg4 Bf6 16. Bg5 Qe7 17. Bxf6 Qxf6 18. Rae1 Ba6 19. Bxa6 Rxa6 20. f4 O-O 21.
f5 exf5 22. Rxf5 Qd6 23. Rfe5 Rb6 24. R1e2 a4 25. Qf5 Qg6 26. Qxg6 hxg6 27. Re8
f5 28. Kf2 Rxe8 29. Rxe8+ Kf7 30. Re2 g5 31. Ke3 Kf6 32. Kd3 f4 33. h3 g4 34.
hxg4 Kg5 35. c4 Kxg4 36. Kc3 g5 37. b4 1/2-1/2

[Event "Verbandsliga MV 2014-15"]
[Site "Mecklenburg-Vorpommern"]
[Date "2015.04.12"]
[Round "8.2"]
[White "Kutschke, Peter"]
[Black "Waschk, Armin"]
[Result "1/2-1/2"]
[WhiteElo "1941"]
[BlackElo "2086"]
[PlyCount "72"]
[EventType "team-tourn"]
[EventRounds "9"]
[WhiteTeam "HSG Uni Rostock"]
[BlackTeam "SG Güstrow/Teterow"]

1. e4 c5 2. c4 d6 3. Ne2 g6 4. d4 cxd4 5. Nxd4 Bg7 6. Nc3 Nc6 7. Be3 Nf6 8. Be2
O-O 9. O-O Bd7 10. Rc1 Rc8 11. b3 a6 12. f3 e6 13. Qd2 Qe7 14. Rfd1 Rfd8 15.
Nxc6 Bxc6 16. Bb6 Rd7 17. Qe3 Qe8 18. b4 Re7 19. b5 axb5 20. cxb5 Bd7 21. Rxd6
Nh5 22. e5 Qf8 23. g3 f6 24. Rcd1 Be8 25. Rd8 Bh6 26. f4 Rxd8 27. Rxd8 fxe5 28.
Qxe5 Bg7 29. Qe3 Bxc3 30. Bxh5 gxh5 31. Qxc3 Rd7 32. Rxd7 (32. Bc5 Qf7 33. Rb8
$18) 32... Bxd7 33. Qe5 Qf5 34. Qxf5 exf5 35. a4 Kf7 36. Kf2 Ke6 1/2-1/2

[Event "Verbandsliga MV 2014-15"]
[Site "Mecklenburg-Vorpommern"]
[Date "2015.04.12"]
[Round "8.3"]
[White "Luther, Alexander"]
[Black "Giese, Guido"]
[Result "1/2-1/2"]
[WhiteElo "1928"]
[BlackElo "1911"]
[PlyCount "115"]
[EventType "team-tourn"]
[EventRounds "9"]
[WhiteTeam "SG Güstrow/Teterow"]
[BlackTeam "HSG Uni Rostock"]

1. e4 c5 2. Nf3 g6 3. d4 cxd4 4. Nxd4 Nc6 5. Be3 Nf6 6. Nc3 Bg7 7. Bc4 Qa5 8.
f3 Qb4 9. Bb3 Nxe4 10. Nxc6 Bxc3+ 11. bxc3 Qxc3+ 12. Ke2 dxc6 13. Bd4 e5 14.
Bxc3 Nxc3+ 15. Kf2 Nxd1+ 16. Raxd1 Be6 17. Rhe1 Rd8 18. Rxd8+ Kxd8 19. Bxe6
fxe6 20. Rxe5 Ke7 21. Ra5 a6 22. Ra4 Rd8 23. Ke3 Rd5 24. c4 Rc5 25. Kd4 Kd6 26.
Ra3 Rh5 27. h3 Rh4+ 28. g4 c5+ 29. Ke4 Rxh3 30. Rd3+ Kc7 31. Ke5 Rh2 32. Kxe6
Rxa2 33. Rd7+ Kb6 34. Rxh7 Rf2 35. Rh3 a5 36. Kf6 a4 37. Kg5 Ka5 38. Kxg6 a3
39. f4 Rxf4 40. Rxa3+ Kb4 41. Rg3 Kxc4 42. g5 b5 43. Kh7 Rf7+ 44. Kh8 b4 45. g6
Rb7 46. g7 Rxg7 $2 (46... Rb8+ $3 47. g8=Q+ Rxg8+ 48. Rxg8 (48. Kxg8 b3 49. Rg7
Kc3 50. Rg3+ Kb4) 48... Kb3 $3 49. Rg3+ Ka4 50. Rg4 Kb5 51. Rg2 b3) 47. Kxg7 b3
48. Kf6 b2 49. Rg1 Kb3 50. Rg3+ Kb4 51. Rg8 c4 52. Rb8+ Ka3 53. Ra8+ Kb3 54.
Rb8+ Kc2 55. Ke5 c3 56. Kd4 b1=Q 57. Rxb1 Kxb1 58. Kxc3 1/2-1/2

[Event "Verbandsliga MV 2014-15"]
[Site "Mecklenburg-Vorpommern"]
[Date "2015.04.12"]
[Round "8.4"]
[White "Schwetlick, Thomas"]
[Black "Dettmann, Holger"]
[Result "0-1"]
[WhiteElo "1853"]
[BlackElo "1905"]
[PlyCount "92"]
[EventType "team-tourn"]
[EventRounds "9"]
[WhiteTeam "HSG Uni Rostock"]
[BlackTeam "SG Güstrow/Teterow"]

1. e4 d5 2. exd5 Qxd5 3. Nc3 Qd8 4. d4 g6 5. Nf3 Bg7 6. Bf4 Nf6 7. Bc4 O-O 8.
Qd2 c6 9. Ne5 Nbd7 10. Nxd7 Bxd7 11. a4 Bf5 12. f3 Qd7 13. O-O-O Be6 14. Qe2
Bxc4 15. Qxc4 Nd5 16. Nxd5 cxd5 17. Qb4 Rfc8 18. b3 Rc6 19. Qd2 Rac8 20. g4 Rb6
21. Qd3 Rbc6 22. Kb2 b5 23. axb5 Rxc2+ 24. Qxc2 Rxc2+ 25. Kxc2 Qxb5 26. Rhe1 e6
27. Be3 Qb4 28. Bf2 a5 29. Rd3 a4 30. bxa4 Qxa4+ 31. Kd2 Qa2+ 32. Ke3 Bh6+ 33.
f4 Bxf4+ 34. Kf3 Bxh2 35. Be3 Qc2 36. Red1 Bd6 37. R1d2 Qb1 38. Rd1 Qb7 39. Rc1
Kg7 40. Rdc3 h6 41. Rc6 Bb8 42. Rc8 g5 43. Re8 Bf4 44. Bxf4 gxf4 45. Kxf4 Qb2
46. Rcc8 Qf2+ 0-1

[Event "Verbandsliga MV 2014-15"]
[Site "Mecklenburg-Vorpommern"]
[Date "2015.04.12"]
[Round "8.5"]
[White "Kiel, Bernd"]
[Black "Sager, Bernd"]
[Result "0-1"]
[WhiteElo "1896"]
[BlackElo "1697"]
[PlyCount "106"]
[EventType "team-tourn"]
[EventRounds "9"]
[WhiteTeam "SG Güstrow/Teterow"]
[BlackTeam "HSG Uni Rostock"]

1. e4 c5 2. c3 d5 3. exd5 Qxd5 4. d4 e6 5. Nf3 Nf6 6. Bd3 cxd4 7. cxd4 Bb4+ 8.
Nc3 O-O 9. O-O Qa5 10. Ne4 Nbd7 11. Bg5 Be7 12. Qe2 Qd8 13. Rac1 Nd5 14. Bb1
Bxg5 15. Nexg5 N7f6 16. Ne5 Bd7 17. Rfd1 a6 18. Qf3 Rc8 19. Ne4 Rxc1 20. Rxc1
Qb6 21. Nxf6+ Nxf6 22. Nxd7 Nxd7 23. Qc3 Nf6 24. b3 g6 25. g3 Rd8 26. Rd1 Qd6
27. Bc2 b6 28. a4 Nd5 29. Qc4 Nb4 30. Be4 a5 31. h4 Kg7 32. Bf3 Rd7 33. Qe2 Rc7
34. Qe3 Rd7 35. Rd2 Qc7 36. Kg2 Qd8 37. h5 Qf6 38. h6+ Kf8 39. Qc3 g5 40. Qc8+
Ke7 41. Qc4 Qxh6 42. Qb5 g4 43. Rd1 gxf3+ 44. Kxf3 Qf6+ 45. Kg2 Nd5 46. Qd3 Qg6
47. Qb5 Nc3 48. Qxb6 Nxd1 49. Qxa5 Qe4+ 50. Kf1 Qxd4 51. Qe1 Qxf2+ 52. Qxf2
Nxf2 53. Kxf2 Rb7 0-1